000
00266nam a22001217a 4500
008
171215b xxu||||| |||| 00| 0 eng d
041
_a
eng
080
_a
78
100
_a
45
101
_a
MUS
245
_a
THE INTERPRETATION OF MUSIC
_c
DART.TH
942
_2
udc
_c
BK
999
_c
39004
_d
39004